000 00398cam a2200145ua 4500
041 _aeng
_h
082 _a828.09
_bBUS/EN
100 _aBush, Douglas .
245 _aEnglish poetry: The main currents from chaucer to the present /
_cDouglas Bush.
_hTextual Documents
260 _aLondon :
_bMethuen and Co. Ltd ,
_c1963.
300 _a222 ; .
504 _a
942 _cBK
999 _c7674
_d7674